30 - 和歌山県の自治体(Text) - Statistics

General Stats
  • This quiz has been taken 17 times
  • The average score is 24 of 30
Answers on the Map
Answers color-coded by a green-red scale on the quiz's map according to % correct below.
 
Answer Stats
市町村 % Correct
東牟婁ひがしむろぐん 串本くしもとちょう
100%
西牟婁にしむろぐん 白浜しらはまちょう
100%
田辺たなべ
100%
和歌山わかやま
100%
有田ありだぐん 有田川ありだがわちょう
91%
海南かいなん
91%
東牟婁ひがしむろぐん 北山きたやまむら
91%
伊都いとぐん 九度山くどやまちょう
91%
伊都いとぐん 高野こうやちょう
91%
東牟婁ひがしむろぐん 古座川こざがわちょう
91%
御坊ごぼう
91%
新宮しんぐう
91%
東牟婁ひがしむろぐん 那智勝浦なちかつうらちょう
91%
橋本はしもと
91%
かわ
91%
西牟婁にしむろぐん すさみちょう
91%
有田ありだ
82%
岩出いわで
82%
東牟婁ひがしむろぐん 太地たいじちょう
82%
日高ひだかぐん 日高川ひだかがわちょう
82%
日高ひだかぐん 印南いなみちょう
73%
伊都いとぐん かつらぎちょう
73%
西牟婁にしむろぐん 上富田かみとんだちょう
64%
日高ひだかぐん 美浜みはまちょう
64%
有田ありだぐん 湯浅ゆあさちょう
64%
日高ひだかぐん 由良ゆらちょう
64%
日高ひだかぐん みなべちょう
64%
海草かいそうぐん 紀美野きみのちょう
55%
日高ひだかぐん 日高ひだかちょう
55%
有田ありだぐん 広川ひろがわちょう
55%
No matching quizzes found
Score Distribution
Percent of People with Each Score
Percentile by Number Answered
Your Score History
You have not taken this quiz